| 000 | 00420nam a2200157Ia 4500 | ||
|---|---|---|---|
| 008 | 230312s9999||||xx |||||||||||||| ||und|| | ||
| 020 | _a0-8036-1496-3 | ||
| 082 |
_a617.1027 _bGOR-E |
||
| 100 | _aGorse;Keith | ||
| 245 | 0 | _aEmergency Care in Athletic Training | |
| 260 |
_bF.A.Davis Company _aUSA _c2010 |
||
| 300 | _a274 | ||
| 546 | _aEng. | ||
| 650 |
_aPhysiotherapy _vEmergency Care in Athletic Training |
||
| 942 | _cBK | ||
| 999 |
_c9104 _d9104 |
||